000 00506nam a22001817a 4500
003 OSt
005 20260302080822.0
008 260206b |||||||| |||| 00| 0 eng d
020 _a971-27-1147-1
040 _aDWCL-Main Lib
_cOC
082 _aFil. 808.8 H632c 1999
100 _aHidalgo,Cristina Pantoja
245 _aCatch a falling star
260 _aPhilippines :
_bAnvil Publishing, Inc.,
_cc1999
300 _a148 p. ;
_c 22 cm.
650 _aPhilippine literature
942 _2ddc
_cBK - FIL
_mFil.
_n0
999 _c8303
_d8303